<?xml version="1.0" encoding="UTF-8"?>
<record
    xmlns:xsi="http://www.w3.org/2001/XMLSchema-instance"
    xsi:schemaLocation="http://www.loc.gov/MARC21/slim http://www.loc.gov/standards/marcxml/schema/MARC21slim.xsd"
    xmlns="http://www.loc.gov/MARC21/slim">

  <leader>01856nam a22003257a 4500</leader>
  <controlfield tag="003">DO-SdBNP</controlfield>
  <controlfield tag="005">20211126122402.0</controlfield>
  <controlfield tag="007">ta</controlfield>
  <controlfield tag="008">211124b2019       a|||e |||| 00| 0 spa d</controlfield>
  <datafield tag="020" ind1=" " ind2=" ">
    <subfield code="c">(En tr&#xE1;mite)</subfield>
  </datafield>
  <datafield tag="040" ind1=" " ind2=" ">
    <subfield code="a">DO-SdBNP</subfield>
    <subfield code="b">spa</subfield>
    <subfield code="c">BNPHU</subfield>
  </datafield>
  <datafield tag="082" ind1="4" ind2=" ">
    <subfield code="2">22</subfield>
    <subfield code="a">343.0946</subfield>
    <subfield code="b">I5974</subfield>
  </datafield>
  <datafield tag="110" ind1="1" ind2="0">
    <subfield code="a">Instituto Universitario de Tr&#xE1;fico y Seguridad Vial de la Universidad de Valencia  (INTRAS)</subfield>
    <subfield code="9">80722</subfield>
  </datafield>
  <datafield tag="245" ind1="1" ind2=" ">
    <subfield code="a">Manual de conducci&#xF3;n y seguridad vial :</subfield>
    <subfield code="b">licencia categor&#xED;a 01. conocimientos espec&#xED;ficos para la conducci&#xF3;n de veh&#xED;culos de motor de dos y tres ruedas /</subfield>
    <subfield code="c">(INTRAS)</subfield>
  </datafield>
  <datafield tag="260" ind1=" " ind2=" ">
    <subfield code="a">[Santo Domingo] :</subfield>
    <subfield code="b">INTRANT,</subfield>
    <subfield code="c">2019.</subfield>
  </datafield>
  <datafield tag="300" ind1=" " ind2=" ">
    <subfield code="a">87 p. : </subfield>
    <subfield code="b">il. ;</subfield>
    <subfield code="c">21 cm</subfield>
  </datafield>
  <datafield tag="505" ind1=" " ind2=" ">
    <subfield code="a">Parte1 . Requisitos para la conducci&#xF3;n de veh&#xED;culos de motor de dos y tres ruedas.</subfield>
    <subfield code="t">1.1 Requisitos previos --</subfield>
    <subfield code="t">1.2. Veh&#xED;culos que autoriza a conducir las categor&#xED;as 01a y 01b de licencias para la conducci&#xF3;n --</subfield>
    <subfield code="t">1.3. La licencia de conducir de categor&#xED;a 01a y 01b --</subfield>
  </datafield>
  <datafield tag="505" ind1=" " ind2=" ">
    <subfield code="a">Parte 2. El veh&#xED;culo.</subfield>
    <subfield code="t">2.1. Componentes del veh&#xED;culo --</subfield>
    <subfield code="t">2.2. El puesto de conducci&#xF3;n --</subfield>
    <subfield code="t">2.3. La conducci&#xF3;n  --</subfield>
  </datafield>
  <datafield tag="505" ind1=" " ind2=" ">
    <subfield code="a">Parte 3. Reglas de conducci&#xF3;n espec&#xED;ficas : infracciones y sanciones.</subfield>
    <subfield code="t">3.1. Alcoholemia --</subfield>
    <subfield code="t">3.2. Circulaci&#xF3;n --</subfield>
    <subfield code="t">3.3. Sistemas de seguridad --</subfield>
    <subfield code="t">3.4. Especificaciones  del trasnporte de pasajeros --</subfield>
    <subfield code="t">3.5. Especificaciones del transporte de carga --</subfield>
  </datafield>
  <datafield tag="590" ind1=" " ind2=" ">
    <subfield code="a">Inventariado. 2021 / SA</subfield>
  </datafield>
  <datafield tag="650" ind1="4" ind2="0">
    <subfield code="9">77293</subfield>
    <subfield code="a">Conducci&#xF3;n de autom&#xF3;viles </subfield>
    <subfield code="v">Manuales </subfield>
  </datafield>
  <datafield tag="650" ind1="4" ind2="0">
    <subfield code="a">Conducci&#xF3;n </subfield>
    <subfield code="x">Veh&#xED;culos de motor</subfield>
    <subfield code="9">80757</subfield>
  </datafield>
  <datafield tag="650" ind1="4" ind2="0">
    <subfield code="9">77294</subfield>
    <subfield code="a">Se&#xF1;ales de tr&#xE1;nsito</subfield>
    <subfield code="v">Manuales </subfield>
  </datafield>
  <datafield tag="650" ind1="4" ind2="0">
    <subfield code="9">80740</subfield>
    <subfield code="a">Seguridad vial</subfield>
    <subfield code="x">Ense&#xF1;anza</subfield>
  </datafield>
  <datafield tag="650" ind1="4" ind2="0">
    <subfield code="9">77295</subfield>
    <subfield code="a">Reglamentos de tr&#xE1;nsito</subfield>
    <subfield code="z">Rep&#xFA;blica Dominicana</subfield>
  </datafield>
  <datafield tag="650" ind1="4" ind2="0">
    <subfield code="9">77293</subfield>
    <subfield code="a">Conducci&#xF3;n de autom&#xF3;viles </subfield>
    <subfield code="v">Manuales </subfield>
  </datafield>
  <datafield tag="700" ind1=" " ind2=" ">
    <subfield code="9">66541</subfield>
    <subfield code="a">Su&#xE1;rez, Jorge</subfield>
    <subfield code="e">Colaborador</subfield>
  </datafield>
  <datafield tag="910" ind1=" " ind2=" ">
    <subfield code="a">Saquino</subfield>
  </datafield>
  <datafield tag="942" ind1=" " ind2=" ">
    <subfield code="2">ddc</subfield>
    <subfield code="c">LBS1</subfield>
  </datafield>
  <datafield tag="952" ind1=" " ind2=" ">
    <subfield code="0">0</subfield>
    <subfield code="1">0</subfield>
    <subfield code="2">ddc</subfield>
    <subfield code="5">1</subfield>
    <subfield code="7">0</subfield>
    <subfield code="8">MO</subfield>
    <subfield code="a">BNPHU</subfield>
    <subfield code="b">PD</subfield>
    <subfield code="c">CT</subfield>
    <subfield code="d">2020-01-20</subfield>
    <subfield code="e">Deposito Legal</subfield>
    <subfield code="l">0</subfield>
    <subfield code="o">BNPHU PD 343.0946 I597m</subfield>
    <subfield code="p">2021-28308</subfield>
    <subfield code="r">2021-11-24</subfield>
    <subfield code="w">2021-11-24</subfield>
    <subfield code="y">LBS1</subfield>
    <subfield code="z">SA</subfield>
  </datafield>
  <datafield tag="952" ind1=" " ind2=" ">
    <subfield code="0">0</subfield>
    <subfield code="1">0</subfield>
    <subfield code="2">ddc</subfield>
    <subfield code="5">1</subfield>
    <subfield code="7">0</subfield>
    <subfield code="8">MO</subfield>
    <subfield code="a">BNPHU</subfield>
    <subfield code="b">PD</subfield>
    <subfield code="c">CT</subfield>
    <subfield code="d">2020-01-20</subfield>
    <subfield code="e">Dep&#xF3;sito Legal</subfield>
    <subfield code="l">0</subfield>
    <subfield code="o">BNPHU PD 343.0946 I597m</subfield>
    <subfield code="p">2021-28309</subfield>
    <subfield code="r">2021-11-24</subfield>
    <subfield code="t">e.2</subfield>
    <subfield code="w">2021-11-24</subfield>
    <subfield code="y">LBS1</subfield>
    <subfield code="z">S/A</subfield>
  </datafield>
  <datafield tag="952" ind1=" " ind2=" ">
    <subfield code="0">0</subfield>
    <subfield code="1">0</subfield>
    <subfield code="2">ddc</subfield>
    <subfield code="7">5</subfield>
    <subfield code="8">MO</subfield>
    <subfield code="a">BNPHU</subfield>
    <subfield code="b">PD</subfield>
    <subfield code="c">CT</subfield>
    <subfield code="d">2020-01-20</subfield>
    <subfield code="e">Deposito Legal</subfield>
    <subfield code="l">0</subfield>
    <subfield code="o">BNPHU DS 343.0946 I597m</subfield>
    <subfield code="p">2021-28310</subfield>
    <subfield code="r">2021-11-24</subfield>
    <subfield code="t">e.3</subfield>
    <subfield code="w">2021-11-24</subfield>
    <subfield code="y">LBS1</subfield>
    <subfield code="z">S/A</subfield>
  </datafield>
  <datafield tag="999" ind1=" " ind2=" ">
    <subfield code="c">51029</subfield>
    <subfield code="d">51029</subfield>
  </datafield>
</record>
